<?xml version="1.0" encoding="UTF-8"?>
<record
    xmlns:xsi="http://www.w3.org/2001/XMLSchema-instance"
    xsi:schemaLocation="http://www.loc.gov/MARC21/slim http://www.loc.gov/standards/marcxml/schema/MARC21slim.xsd"
    xmlns="http://www.loc.gov/MARC21/slim">

  <leader>00343nam a2200145   4500</leader>
  <controlfield tag="008">260119b        |||||||| |||| 00| 0 eng d</controlfield>
  <datafield tag="020" ind1=" " ind2=" ">
    <subfield code="a">9781720043997</subfield>
  </datafield>
  <datafield tag="082" ind1=" " ind2=" ">
    <subfield code="a">005.3 WIE</subfield>
  </datafield>
  <datafield tag="100" ind1=" " ind2=" ">
    <subfield code="a">Wieruch Robin,</subfield>
  </datafield>
  <datafield tag="245" ind1=" " ind2=" ">
    <subfield code="a">The Road  React</subfield>
  </datafield>
  <datafield tag="260" ind1=" " ind2=" ">
    <subfield code="a">Chambersburg </subfield>
    <subfield code="b">Lightning Source LLC</subfield>
    <subfield code="c">2025</subfield>
  </datafield>
  <datafield tag="300" ind1=" " ind2=" ">
    <subfield code="a">280</subfield>
  </datafield>
  <datafield tag="650" ind1=" " ind2=" ">
    <subfield code="a">BCA</subfield>
  </datafield>
  <datafield tag="942" ind1=" " ind2=" ">
    <subfield code="c">R</subfield>
  </datafield>
  <datafield tag="952" ind1=" " ind2=" ">
    <subfield code="0">0</subfield>
    <subfield code="1">0</subfield>
    <subfield code="2">ddc</subfield>
    <subfield code="4">0</subfield>
    <subfield code="6">005_300000000000000_WIE</subfield>
    <subfield code="7">0</subfield>
    <subfield code="8">UG</subfield>
    <subfield code="9">90322</subfield>
    <subfield code="a">SCA</subfield>
    <subfield code="b">SCA</subfield>
    <subfield code="c">BCA</subfield>
    <subfield code="d">2026-01-19</subfield>
    <subfield code="e">Ao Enterprises</subfield>
    <subfield code="g">4995.00</subfield>
    <subfield code="l">0</subfield>
    <subfield code="o">005.3 WIE</subfield>
    <subfield code="p">CA1418</subfield>
    <subfield code="r">2026-01-19</subfield>
    <subfield code="y">R</subfield>
    <subfield code="z">Rack No.R12 Shelf No.09</subfield>
  </datafield>
  <datafield tag="952" ind1=" " ind2=" ">
    <subfield code="0">0</subfield>
    <subfield code="1">0</subfield>
    <subfield code="2">ddc</subfield>
    <subfield code="4">0</subfield>
    <subfield code="6">005_300000000000000_WIE</subfield>
    <subfield code="7">0</subfield>
    <subfield code="8">UG</subfield>
    <subfield code="9">90323</subfield>
    <subfield code="a">SCA</subfield>
    <subfield code="b">SCA</subfield>
    <subfield code="c">BCA</subfield>
    <subfield code="d">2026-01-19</subfield>
    <subfield code="e">Ao Enterprises</subfield>
    <subfield code="g">4995.00</subfield>
    <subfield code="l">0</subfield>
    <subfield code="o">005.3 WIE</subfield>
    <subfield code="p">CA1419</subfield>
    <subfield code="r">2026-01-19</subfield>
    <subfield code="y">CR</subfield>
    <subfield code="z">Rack No.C10 Shelf No.07</subfield>
  </datafield>
  <datafield tag="999" ind1=" " ind2=" ">
    <subfield code="c">65450</subfield>
    <subfield code="d">65450</subfield>
  </datafield>
</record>
